| 000 | 01376cam a22003614a 4500 | ||
|---|---|---|---|
| 001 | 3737 | ||
| 005 | 20240429085041.0 | ||
| 020 | _a9780545264808 | ||
| 040 |
_aDLC _cDLC _dDLC _beng |
||
| 050 | 0 | 0 |
_aPZ7.H389 _b 2008 |
| 082 | 0 | 0 | _a813.54 |
| 100 | 1 | _aHenkes, Kevin | |
| 245 | 1 | 0 |
_aBird Lake moon / _cKevin Henkes |
| 250 | _aFirst Scholastic printing , April 2010 | ||
| 260 |
_aNew York : _bScholastic , _c2008 |
||
| 300 |
_a179 pages : _c20 cm. _billustrations ; |
||
| 505 | _aR | ||
| 520 | _aTwelve-year-old Mitch and his mother are spending the summer with his grandparents at Bird Lake after his parents separate, and ten-year-old Spencer and his family have returned to the lake where Spencer's little brother drowned long ago, and as the boys become friends and spend time together, each of them begins to heal. | ||
| 521 |
_a740
_bLexile |
||
| 521 |
_aR
_bRaz-Plus |
||
| 650 | 0 |
_aDivorce _vJuvenile fiction |
|
| 650 | 0 |
_aGrief _vJuvenile fiction |
|
| 650 | 0 |
_aLakes _vJuvenile fiction. |
|
| 650 | 0 |
_aFriendship _vJuvenile fiction. |
|
| 650 | 0 |
_aFamilies _zWisconsin _vJuvenile fiction. |
|
| 650 | 1 |
_aDivorce _vFiction. |
|
| 650 | 1 |
_aGrief _vFiction. |
|
| 650 | 1 |
_aLakes _vFiction. |
|
| 650 | 1 |
_aFriendship _vFiction. |
|
| 650 | 1 |
_aFamily life _zWisconsin _vFiction. |
|
| 906 |
_a7 _bcbc _corignew _d1 _eecip _f20 _gy-gencatlg |
||
| 942 |
_2ddc _cBK _n0 |
||
| 999 |
_c3737 _d3737 |
||